Name the SPORT - Statistics

General Stats
  • This quiz has been taken 20 times
  • The average score is 12 of 16
Answer Stats
Picture Answer % Correct
Rugby / American Football
100%
Basketball
95%
Football / Soccer
95%
Tennis
95%
Cricket
89%
Swimming
89%
Badminton
84%
Bowling
84%
Darts
84%
Archery
79%
Hockey
74%
Curling
68%
Ice Skating
68%
Javelin Throw
21%
Discus Throw
16%
Carroms
11%
No matching quizzes found
Score Distribution
Percent of People with Each Score
Percentile by Number Answered
Your Score History
You have not taken this quiz